Resources for modern grammar and composition /

Bibliographic Details
Main Author: Conlin, David A.
Other Authors: Herman, George R., 1925-
Format: Book
Language:English
Published: New York : American Book Co., [1975]
Series:Modern grammar and composition.
Subjects:

MARC

Tag First Indicator Second Indicator Subfields
LEADER 00000cam a2200000 i 4500
001 in00000063827
005 20151008050656.0
008 800501s1975 nyua b 00110 eng d
020 |z 0278463126 
035 |a (OCoLC)06270468 
035 |9 AAG2546AM 
040 |a TXA  |c TXA  |d UtOrBLW 
049 |a [Curr Col] TXAM  |c [931101] 
090 |a PE1112  |b .C599 1975 
100 1 |a Conlin, David A. 
245 1 0 |a Resources for modern grammar and composition /  |c David A. Conlin, George R. Herman. 
264 1 |a New York :  |b American Book Co.,  |c [1975] 
264 4 |c ©1975 
300 |a 494 pages :  |b illustrations ;  |c 24 cm. 
336 |a text  |b txt  |2 rdacontent 
337 |a unmediated  |b n  |2 rdamedia 
338 |a volume  |b nc  |2 rdacarrier 
490 1 |a Modern grammar and composition 
500 |a Gr. 12. 
500 |a Bibliography: pages 483-484. 
500 |a Includes index. 
650 0 |a English language  |x Grammar. 
650 0 |a English language  |x Composition and exercises. 
700 1 |a Herman, George R.,  |d 1925- 
830 0 |a Modern grammar and composition. 
999 |a MARS 
999 f f |s ae9b6f8b-f92e-33b4-a08a-4c777668c47f  |i fe990dd6-8388-37a0-bc76-5eee64cf29e0  |t 0 
952 f f |p ric  |a Texas A&M University  |b Rellis Campus  |c Joint Library Facility  |s JLF  |d Remote Storage  |t 0  |e PE1112 .C599 1975  |h Library of Congress classification  |i unmediated -- volume  |m A14800230068 
998 f f |a PE1112 .C599 1975  |t 0  |l Remote Storage